The agreement of eastern with western astronomy / (Record no. 132970)

MARC details
000 -LEADER
campo de control de longitud fija 01043nam a2200217 i 4500
001 - NÚMERO DE CONTROL
campo de control 132970
003 - IDENTIFICADOR DE NÚMERO DE CONTROL
campo de control ES-MaACL
005 - FECHA Y HORA DE LA ÚLTIMA TRANSACCIÓN
campo de control 20250721144339.0
007 - CAMPO FIJO DE DESCRIPCIÓN FÍSICA--INFORMACIÓN GENERAL
campo de control de longitud fija t|
008 - DATOS DE LONGITUD FIJA--INFORMACIÓN GENERAL
campo de control de longitud fija 070214s1906 sp |||| | eng d
100 1# - ENTRADA PRINCIPAL--NOMBRE DE PERSONA
Nombre de persona Roso de Luna, Mario,
Fechas asociadas al nombre 1872-1931
9 (RLIN) 99794
245 14 - MENCIÓN DEL TÍTULO
Título The agreement of eastern with western astronomy /
Mención de responsabilidad, etc. M. Roso de Luna.
260 ## - PUBLICACIÓN, DISTRIBUCIÓN, ETC.
Lugar de publicación, distribución, etc. London :
Nombre del editor, distribuidor, etc. The Gresham Press,
Fecha de publicación, distribución, etc. [1906]
300 ## - DESCRIPCIÓN FÍSICA
Extensión 29 p. ;
Dimensiones 25 cm.
530 ## - NOTA DISPONIBLE DE FORMULARIO FÍSICO ADICIONAL
Nota de formato físico adicional disponible Disponible en formato digital.
595 ## -
-- En cub.: Reprinted from the transactions of the Third Congress of the Theosophical Society, 1906.
650 #7 - PUNTO DE ACCESO ADICIONAL DE MATERIA--TÉRMINO DE MATERIA
Término de materia o nombre geográfico como elemento de entrada Astronomía
Fuente del encabezamiento o término embne
9 (RLIN) 10386
852 ## - LOCALIZACIÓN
Ubicación ES-MaACL
Número de control de estantería T-1163-F-6
Nota libre - Dedicatoria autógrafa del autor
-- - Anot. manuscrita del autor: "Algo relativo a este trabajo, y relacionándolo con el pueblo atlante, se publicó en la Rev. Ateneo, sept. u oct. de 1906, en la primera página"
856 ## - LOCALIZACIÓN Y ACCESO ELECTRÓNICOS
Identificador Uniforme de Recursos <a href="http://bvpb.mcu.es/es/consulta/registro.cmd?id=449862 ">http://bvpb.mcu.es/es/consulta/registro.cmd?id=449862 </a>
Nota pública Biblioteca Virtual del Patrimonio Bibliográfico
Holdings
Estatus retirado Estado de pérdida Estado de daño No para préstamo Colección Biblioteca de origen Biblioteca actual Ubicación en estantería Fecha de adquisición Fuente de adquisición Total de préstamos Signatura topográfica completa Código de barras Visto por última vez Precio de reemplazo Tipo de ítem Koha
        Colección de folletos Biblioteca del Ateneo de Madrid Biblioteca del Ateneo de Madrid Depósito folletos 17/01/2008     T-1163-F-6 1138432 23/02/2023 23/02/2023 Folleto